00760cam a2200193 a 45000010005000000030009000050050017000140080041000310100017000720200015000890400038001040820022001421000027001642450129001912600118003203000041004386500064004797000023005435281BD-DhUAP20200226124021.0010620s2000 bg ab 000 0 eng  a 2001292938 a9847730008 aBD-DhUAPcBD-DhUAPdBD-DhUAPbEng a720.95492 MIA2231 aMiah, Md. Abul Hashem.10aArchaeological survey report of Greater Faridpur District /cMd. Abul Hashem Miah ; edited by Nazimuddin Ahmed ... [et al.]. aDhaka :bDept. of Archaeology, Ministry of Cultural Affairs, Govt. of the People's Republic of Bangladesh,c2000. a188 pages :billustrations ;c29 cm. 0aExcavations (Archaeology)zBangladeshzFarīdpur District.1 aAhmed, Nazimuddin,